000 00564nam a2200157 4500
001 131656
003 ES-MaACL
005 20230906194024.0
007 t|
008 070214s1915 sp r ||||1| spa d
100 1 _aRodríguez Jalón, Abelardo.
_998586
245 1 0 _aGuía práctica de los reglamentos y disposiciones que regulan el funcionamiento de la Marina Mercante Española /
_cAbelardo Rodríguez Jalón.
260 _aMadrid :
_b[s. n.],
_c1915 (
_fImp. del Ministerio de Marina)
300 _aXVIII, 498 p. ;
_c27 x 18 cm.
852 _aES-MaACL
_jF-10174
999 _c131656
_d131656